Songs from the First Line(s) - 2000 - Statistics

General Stats
  • This quiz has been taken 125 times
  • The average score is 13 of 30
Answer Stats
Hint Answer % Correct
Songs May I have your attention please? / May I have your attention please? / Will the real Slim Shady please stand up? Artist(s) Eminem
93%
Songs My tea's gone cold I'm wondering why I got out of bed at all / The morning rain clouds up my window and I can't see at all Artist(s) Eminem / Dido
93%
Songs Look at the stars / Look how they shine for you / And everything you do / Yeah, they were all yellow / I came along / I wrote a song for you Song Yellow
86%
Songs Look at the stars / Look how they shine for you / And everything you do / Yeah, they were all yellow / I came along / I wrote a song for you Artist(s) Coldplay
85%
Songs May I have your attention please? / May I have your attention please? / Will the real Slim Shady please stand up? Song The Real Slim Shady
83%
Songs Yeah, yeah, yeah, yeah, yeah, yeah / I think I did it again / I made you believe we're more than just friends, oh, baby / It might seem like a crush Artist(s) Britney Spears
78%
Songs Yeah, yeah, yeah, yeah, yeah, yeah / I think I did it again / I made you believe we're more than just friends, oh, baby / It might seem like a crush Song Oops! ...I Did It Again
77%
Songs (I don't know what to do) Say it wasn't you / (Alright) / Honey came in and she caught me red-handed / Creeping with the girl next door Song It Wasn't Me
63%
Songs My tea's gone cold I'm wondering why I got out of bed at all / The morning rain clouds up my window and I can't see at all Song Stan
63%
Songs (I don't know what to do) Say it wasn't you / (Alright) / Honey came in and she caught me red-handed / Creeping with the girl next door Artist(s) Shaggy / Rikrok
60%
Songs Bye, bye... / I'm doin' this tonight, / You're probably gonna start a fight. / I know this can't be right. / Hey, baby, come on. Song Bye, Bye, Bye
53%
Songs Bye, bye... / I'm doin' this tonight, / You're probably gonna start a fight. / I know this can't be right. / Hey, baby, come on. Artist(s) NSYNC
52%
Songs Yeah, this one right here goes out / To all the baby's mamas' mamas / Mamas, mamas, baby mamas' mamas / Yeah, go like this Artist(s) Outkast
41%
Songs Yeah, this one right here goes out / To all the baby's mamas' mamas / Mamas, mamas, baby mamas' mamas / Yeah, go like this Song Ms. Jackson
38%
Songs Y'all gon' make me lose my mind / Up in HERE, up in here / Y'all gon' make me go all out / Up in here, up in here Song Party Up (Up in Here)
37%
Songs Think you gotta keep me iced, you don't / Think I'm gonna spend your cash, I won't / Even if you were broke Song Love Don't Cost A Thing
29%
Songs Think you gotta keep me iced, you don't / Think I'm gonna spend your cash, I won't / Even if you were broke Artist(s) Jennifer Lopez
27%
Songs You're beautiful, that's for sure / You'll never ever fade / You're lovely, but it's not for sure / That I won't ever change Song I'm Like a Bird
25%
Songs You're beautiful, that's for sure / You'll never ever fade / You're lovely, but it's not for sure / That I won't ever change Artist(s) Nelly Furtado
25%
Songs Y'all gon' make me lose my mind / Up in HERE, up in here / Y'all gon' make me go all out / Up in here, up in here Artist(s) DMX
24%
Songs It's been a long time (Long time) / We shouldn't have left you (Left you) / Without a dope beat to step to / Step to, step to, step to (Step) Artist(s) Aaliyah / Timbaland
20%
Songs It's been a long time (Long time) / We shouldn't have left you (Left you) / Without a dope beat to step to / Step to, step to, step to (Step) Song Try Again
19%
Songs The heart is a bloom, shoots up through the stoney ground / There's no room, no space to rent in this town Song Beautiful Day
15%
Songs The heart is a bloom, shoots up through the stoney ground / There's no room, no space to rent in this town Artist(s) U2
15%
Songs Desperate for changing, starving for truth / I'm closer to where I started, I'm chasing after you Song Hanging By A Moment
11%
Songs Desperate for changing, starving for truth / I'm closer to where I started, I'm chasing after you Artist(s) Lifehouse
11%
Songs On my way to see my friends / Who lived a couple blocks away from me (Oh) / As I walked through the subway / It must have been about quarter past three Song 7 Days
10%
Songs It's after midnight / And she's on your phone / Saying come over / Cause she's all alone / I could tell it was your ex Song Case of the Ex (Whatcha Gonna Do)
9%
Songs On my way to see my friends / Who lived a couple blocks away from me (Oh) / As I walked through the subway / It must have been about quarter past three Artist(s) Craig David
9%
Songs It's after midnight / And she's on your phone / Saying come over / Cause she's all alone / I could tell it was your ex Artist(s) Mýa
8%
No matching quizzes found
Score Distribution
Percent of People with Each Score
Percentile by Number Answered
Your Score History
You have not taken this quiz